00281nam a2200121Ia 4500008004100000040001600041041001200057082001800069100001500087245002000102260002600122300001100148230917s9999||||xx |||||||||||||| ||und|| e40554aMAIN aEnglish a823.7 D555B:D aButt, John 0aDickens at work aLondonbMethuenc1968 a238 p.